Retrouvez les chroniqueurs de l'Equipe du Soir - Clic Quiz - Statistiques

Statistiques générales
  • Ce quiz a été pris 465 fois
  • Le résultat moyen est 13 sur 20
Statistiques - réponses
Hint Réponse % Correct
Nabil Djellit
87%
Bertrand Latour
82%
Jerôme Alonzo
81%
Ludovic Obraniak
81%
Dave Appadoo
79%
Didier Roustan
79%
Johan Micoud
78%
Carine Galli
76%
Sébastien Tarrago
68%
Grégory Schneider
66%
Gervais Martel
60%
Olivier Rouyer
58%
Mélisande Gomez
55%
Hervé Penot
55%
Dominique Sévérac
55%
Eric Blanc
54%
Claude Le Roy
54%
Guillaume Dufy
46%
Bernard Lions
45%
Pierre Maturana
44%
Aucun quiz correspondant
Distribution des résultats
% des personnes avec chaque résultat
Percentile par nombre de réponses
Votre historique - résultats
Vous n’avez pas pris ce quiz